Guide to post harvest unit operations (Record no. 14868)
[ view plain ]
| 000 -LEADER | |
|---|---|
| fixed length control field | 00325nam a22001337a 4500 |
| 020 ## - INTERNATIONAL STANDARD BOOK NUMBER | |
| ISBN | 9789327263336 |
| 082 ## - DEWEY DECIMAL CLASSIFICATION NUMBER | |
| Classification number | 660.284 |
| Item number | DHA/GU |
| 100 ## - MAIN ENTRY--AUTHOR NAME | |
| Personal name | Dhamsaniya, N.K |
| 245 ## - TITLE STATEMENT | |
| Title | Guide to post harvest unit operations |
| 250 ## - EDITION STATEMENT | |
| Edition statement | 2nd rev. |
| 260 ## - PUBLICATION, DISTRIBUTION, ETC. (IMPRINT) | |
| Place of publication | Ludhiana |
| Name of publisher | Kalyani Publishers |
| Year of publication | 2016 |
| 300 ## - PHYSICAL DESCRIPTION | |
| Number of Pages | 280p |
| 942 ## - ADDED ENTRY ELEMENTS (KOHA) | |
| Koha item type | Books |
| Withdrawn status | Lost status | Damaged status | Collection code | Home library | Current library | Shelving location | Date acquired | Source of acquisition | Cost, normal purchase price | Full call number | Accession Number | Koha item type |
|---|---|---|---|---|---|---|---|---|---|---|---|---|
| KAUAET | KAUAET | General Stacks | 30/03/2017 | Vigyan Books, Delhi | 225.00 | 660.284 DHA/GU | 25402 | Books | ||||
| KAUAET | KAUAET | General Stacks | 30/03/2017 | Vigyan Books, Delhi | 225.00 | 660.284 DHA/GU | 25403 | Books | ||||
| General Books | KAUAET | KAUAET | Scheme | 27/07/2020 | Aman Book stall | 225.00 | 660.284 DHA/GU | BB 531 | Book Bank scheme for SC students |
